Comparison of resistance to metals, beta-lactam antibiotics and hydrolysis of beta-lactams by Yersinia enterocolitica and Yersinia kristensenii

Bibliographic Details
Main Authors: Hušťavová, Helena (Author), Obšitniková, Katarína (Author)
Format: Article
Language:Slovak
English
PhysicalDescription:Tab. 3, res. angl., lit. 25 zázn. v angl.
ISSN:0006-3088
Subjects:

MARC

LEADER 00000nab a2200000 a 4500
001 vtls000598876
003 SK-MaSNL
005 20260304102340.0
008 250426c1995 xo 0 slo
015 |a SNBRB19rr/mm-uuuuu 
035 |a CL0599015 
035 |a urn:nbn:sk:snk-abbq86 
035 |a (urnnbn)urn:nbn:sk:snk:ar-001p8o 
035 |a (uuid)026717ca-0c9a-4864-8be1-7625b6e3fc3e 
040 |a SNKBUCL  |b slo  |c SNKBUCL  |e AACR2 
041 0 |a eng 
044 |a xo  |c SK 
080 |a 579.8:577.18:547-318:546.3  |2 1981 
080 |a 577.18  |2 1981 
080 |a 547-318  |2 1981 
080 |a 546.3  |2 1981 
100 1 |a Hušťavová, Helena  |4 aut  |9 970976 
245 1 0 |a Comparison of resistance to metals, beta-lactam antibiotics and hydrolysis of beta-lactams by Yersinia enterocolitica and Yersinia kristensenii  |c Helena Hušťavová, Katarína Obšitniková 
300 |b Tab. 3, res. angl., lit. 25 zázn. v angl. 
650 0 7 |a Yersinia enterocolitica  |2 snkbucl  |9 1367450 
650 0 7 |a Yersinia kristensenii  |2 snkbucl  |9 1399217 
650 0 7 |a laktámy  |2 snkbucl  |9 1300448 
650 0 7 |a betalaktámové antibiotiká  |2 snkbucl  |9 195302 
650 0 7 |a ťažké kovy  |2 snkbucl  |9 29344 
655 7 |a články z novín a časopisov  |2 snkbucl  |9 267496 
700 1 |a Obšitniková, Katarína  |4 aut  |9 1399218 
773 0 |t Biologia  |g Roč. 50, č. 6 (1995), s. 547-551  |x 0006-3088 
850 |a Slovenská národná knižnica 
852 |a Slovenská národná knižnica 
954 |a odborná, vedecká literatúra pôvodná (slovenská)  |2 lita 
958 |a article15 
958 |a NB 
958 |a RK 
958 |a MI 
958 |a OND 
958 |a EUIPO 
992 |a RBX 
999 |c 2844713  |d 2846643